| 000 | 01271nam a2200337 i 4500 | ||
|---|---|---|---|
| 003 | DO-SdBPM | ||
| 005 | 20260501110235.0 | ||
| 007 | ta | ||
| 008 | 110613s2003 dr a 000 j spa d | ||
| 020 | _a9993455539 | ||
| 040 |
_aDO-SdBPM _bspa _cBPMSU _erda |
||
| 082 | 0 | 4 |
_aPr863.44 _bH831e 2003 _222 |
| 100 | 1 |
_aHostos, Eugenio María de, _d1839-1903 _eautor _4aut. _95 |
|
| 245 | 1 | 0 |
_aEn barco de papel : _bcuento y biografía de Hostos / _cEugenio María de Hostos ; editor y presentación Tomás Castro Burdiez. |
| 250 | _a2da. edición | ||
| 264 | 1 |
_aSanto Domingo : _bEDUCARTE, _c2003. |
|
| 300 |
_a16 páginas _c21 cm. |
||
| 336 |
_2rdacontent _atexto _btxt |
||
| 337 |
_2rdamedia _asin mediación _bn |
||
| 338 |
_2rdacarrier _avolumen _bnc |
||
| 490 | 0 |
_aCadernos Educativos y Culturales, _v17 |
|
| 500 | _aIncluye datos biográficos del autor en las páginas 10 al 16. | ||
| 590 | _aInventariado, 2026/ VM | ||
| 600 | 1 | 7 |
_aHostos, Eugenio María de, _d1839-1903 _vBiografías |
| 650 | 7 | _aCuentos infantiles puertorriqueños | |
| 650 | 7 | _aLiteratura infantil puertorriqueña | |
| 700 | 1 |
_aCastro, Tomás, _d1959- _eeditor |
|
| 710 | 2 | _aFundación para la Educación y el Arte (EDUCARTE) | |
| 910 | _a VMateo V. Control de calidad. BPMSU | ||
| 942 |
_2ddc _cBK |
||
| 999 |
_c7253 _d7253 |
||